|
|
|
|
| LEADER |
00743nam a2200193 i 4500 |
| 001 |
misc74689 |
| 005 |
20240508153422.0 |
| 008 |
240508s1928 hu o 000 hun d |
| 040 |
|
|
|a SZTE Miscellanea Repozitórium
|b hun
|
| 041 |
|
|
|a hun
|
| 100 |
1 |
|
|a Wells Herbert George
|
| 245 |
1 |
2 |
|a A püspök lelke
|h [elektronikus dokumentum] :
|b regény nagyon kevés szerelemmel, a lelkiismeretről és vallásról és az életnek igazi bonyodalmairól /
|c Wells Herbert George
|
| 260 |
|
|
|a Franklin
|b Budapest
|c 1928
|
| 300 |
|
|
|a 290
|c 19 cm
|
| 650 |
|
4 |
|a Bölcsészettudományok
|
| 650 |
|
4 |
|a Nyelvek és irodalom
|
| 695 |
|
|
|a Angol irodalom - regény
|
| 700 |
0 |
1 |
|a Tonelli Sándor
|
| 856 |
4 |
0 |
|u http://misc.bibl.u-szeged.hu/74689/1/xa_114501.pdf
|z Dokumentum-elérés
|